ბათუმის შოთა რუსთაველის სახელმწიფო უნივერსიტეტის ბიბლიოთეკა

ლექსები, პოემები (ბიბ.ჩანაწერი № 39766)

000 -ლიდერი
ფიქსირებული სიგრძის საკონტროლო ველი 01092nam a2200229Ia 4500
001 - საკონტროლო ნომერი
საკონტროლო ველი 6371
003 - საკონტროლო ნომრის იდენტიფიკატორი
საკონტროლო ველი GE_BSU
005 - ბოლო ოპერაციის თარიღი და დრო
საკონტროლო ველი 20191003163653.0
008 - ფიქსირებული სიგრძის მონაცემთა ელემენტები - ზოგადი ინფორმაცია
ფიქსირებული სიგრძის საკონტროლო ველი 181216s1938||||ge |||||||||||||| ||geo||
040 ## - კატალოგიზაციის წყარო
Transcribing agency GE_BSU
041 ## - ენის კოდი
Language code of text/sound track or separate title geo
080 ## - უნივერსალური ათობითი კლასიფიკაციის ინდექსი
Universal Decimal Classification number 821.353.1-1 ბ-35
100 ## - მთავარი ჩანაწერი - პიროვნების სახელი
Personal name ბაჩანა (რაზიკაშვილი, ნიკოლოზ)
9 (RLIN) 4483
245 ## - ცნობა სათაურის შესახებ
Title ლექსები, პოემები
Statement of responsibility, etc ბაჩანა (რაზიკაშვილი, ნიკოლოზ) ; სოლომონ ყუბანეიშვილის რედაქციით ; რედ. რ. გვენეტაძე.
264 ## - წარმოების, გამოცემის, დისტრიბუციის და სხვა ცნობები
გამოცემის, წარმოების, დისტრიბუციის... ადგილი თბილისი :
გამოცემის, წარმოების, დისტრიბუციის... სახელწოდება ფედერაცია ;
გამოცემის, წარმოების, დისტრიბუციის... თარიღი 1938.
300 ## - ფიზიკური აღწერა
Extent 550 გვ. :
Other physical details ფოტო პორტრეტი ;
Dimensions 18 სმ.
653 ## - INDEX TERM--UNCONTROLLED
Uncontrolled term ლექსები
653 ## - INDEX TERM--UNCONTROLLED
Uncontrolled term პოემები
700 ## - ADDED ENTRY--PERSONAL NAME
Personal name ყუბანეიშვილის, სოლომონ
Relator term რედაქტორი
9 (RLIN) 4484
700 ## - ADDED ENTRY--PERSONAL NAME
Personal name გვენეტაძე, რ.
Relator term რედაქტორი
9 (RLIN) 3982
942 ## - ADDED ENTRY ELEMENTS (KOHA)
Koha item type წიგნი
Source of classification or shelving scheme
ეგზემპლარები
ჩამოწერის სტატუსი დაკარგული ეგზემპლარის სტატუსი კლასიფიკაციის წყარო ან თაროზე გაწყობის სქემა დაზიანების სტატუსი არ გაიცემა მუდმივი მდებარეობა (დაცვის ადგილი) ამჟამინდელი ადგილსამყოფელი თაროზე განთავსების ადგილი შეძენის თარიღი ღირებულება, შესყიდვის ნორმალური ფასი სრული შენახვის შიფრი შტრიხკოდი ბოლო ოპერაციის თარიღი ეგზემპლარის მიმდევრობითი ნომერი (კეტერი?) ფასის ძალაში შესვლის თარიღი ეგზემპლარის სახეობა საჯარო შენიშვნა
          ბათუმის შოთა რუსთაველის სახელმწიფო უნივერსიტეტის მთავარი ბიბლიოთეკა ბათუმის შოთა რუსთაველის სახელმწიფო უნივერსიტეტის მთავარი ბიბლიოთეკა წიგნსაცავი 2018-12-17 3.18 821.353.1-1 ბ-35 13967 2018-12-17 13967 2018-12-17 წიგნი 3.18 ლ.
          ბათუმის შოთა რუსთაველის სახელმწიფო უნივერსიტეტის მთავარი ბიბლიოთეკა ბათუმის შოთა რუსთაველის სახელმწიფო უნივერსიტეტის მთავარი ბიბლიოთეკა წიგნსაცავი 2018-12-17 3.18 821.353.1-1 ბ-35 13968 2018-12-17 13968 2018-12-17 წიგნი 3.18 ლ.
          ბათუმის შოთა რუსთაველის სახელმწიფო უნივერსიტეტის მთავარი ბიბლიოთეკა ბათუმის შოთა რუსთაველის სახელმწიფო უნივერსიტეტის მთავარი ბიბლიოთეკა წიგნსაცავი 2018-12-17 3.18 821.353.1-1 ბ-35 13969 2018-12-17 13969 2018-12-17 წიგნი 3.18 ლ.
          ბათუმის შოთა რუსთაველის სახელმწიფო უნივერსიტეტის მთავარი ბიბლიოთეკა ბათუმის შოთა რუსთაველის სახელმწიფო უნივერსიტეტის მთავარი ბიბლიოთეკა წიგნსაცავი 2018-12-17 3.18 821.353.1-1 ბ-35 13970 2018-12-17 13970 2018-12-17 წიგნი 3.18 ლ.
          ბათუმის შოთა რუსთაველის სახელმწიფო უნივერსიტეტის მთავარი ბიბლიოთეკა ბათუმის შოთა რუსთაველის სახელმწიფო უნივერსიტეტის მთავარი ბიბლიოთეკა წიგნსაცავი 2018-12-17 3.18 821.353.1-1 ბ-35 13971 2018-12-17 13971 2018-12-17 წიგნი 3.18 ლ.